banner-ar

يوميات الحرب الاسرائيلية فى لبنان ( حزيران \يونيو - كانون الاول ديسمبر 1982 ) وقائع ووثائق ومقالات مختارة من مصادر عبرية . / (Record no. 56127)

MARC details
000 -الفاتح
حقل البيانات ثابتة الطول 00843nam a2200205Ia 4500
008 - عناصر البيانات ثابتة الطول - معلومات عامة
حقل البيانات ثابتة الطول 140319s9999 xx 000 0 ara d
040 ## - مصدر الفهرسة
وكالة الفهرسة الأصلية GCL /
وكالة النسخ GCL
082 04 - رقم تصنيف ديوى العشرى
رقم التصنيف 956.906
رقم المادة م ى
100 1# - المدخل الرئيسى - إسم شخصى
الإسم الشخصى خالد عابد
245 10 - بيان العنوان
العنوان يوميات الحرب الاسرائيلية فى لبنان ( حزيران \يونيو - كانون الاول ديسمبر 1982 ) وقائع ووثائق ومقالات مختارة من مصادر عبرية . /
بيان المسئوليه,etc خالد عابد
700 1# - المدخل الاضافى - اسم شخصى
الإسم الشخصى مؤسسة الدراسات الفلسطينية
700 1# - المدخل الاضافى - اسم شخصى
الإسم الشخصى محمود سويد (اشراف)
700 1# - المدخل الاضافى - اسم شخصى
الإسم الشخصى سمير جبور (اعداد)
260 ## - PUBLICATION, DISTRIBUTION, ETC. (IMPRINT)
تاريخ النشر أو التوزيع 1985
300 ## - الوصف المادى
التعداد 159 ص
490 ## - بيان السلسلة
عنوان السلسلة
650 04 - المدخل الاضافى بالموضوع-مصطلح موضوعى
مصطلح موضوعي النزاع العربى الاسرائيلى
942 ## - عناصر المدخل الإضافي( كوها)
مصدر التصنيف او مخطط الترفيف Dewey Decimal Classification
Koha [default] item type كتاب
260 ## - PUBLICATION, DISTRIBUTION, ETC. (IMPRINT)
-- [S.N] :
-- مؤسسة الدراسات الفلسطينية ،
Holdings
حالة التراجع حالة الفقد حالة تلف ليس للاعارة المكان المؤقت الموقع الحالى تاريخ الاكتساب اجمالي اﻻعارات رقم الطلب الباركود تاريخ اخر مشاهدة تاريخ تفعيل السعر نوع وعاء كوها
        مكتبة القاهرة الكبرى مكتبة القاهرة الكبرى 03/26/2014   956.906\م ى 134620 03/26/2014 03/26/2014 كتاب

Powered By

EGPV